Guess the Lyrics - 00's - Statistics

General Stats
  • This quiz has been taken 106 times
  • The average score is 181 of 381
Answer Stats
Answer % Correct
I
95%
a
92%
you.
89%
you
89%
you?
89%
You
89%
me
80%
me?
80%
The
79%
the
79%
Do
77%
be
72%
to
70%
want
69%
it
67%
it?
67%
your
67%
don't
66%
we
63%
on
62%
my
61%
like
59%
like?
59%
can
56%
what
54%
of
51%
So
51%
Am
48%
Why
48%
could
45%
I'm
44%
her
43%
How
40%
were
39%
we're
39%
too
38%
with
38%
all
37%
just
36%
But
34%
out
31%
Should
31%
should
31%
won't
30%
Say
29%
wanna
29%
think?
25%
anything
22%
anything.
22%
baby,
22%
baby
22%
I've
22%
blue
20%
look
20%
only
20%
talk
20%
time
18%
sky
17%
walk
17%
door?
16%
door
16%
Grace Kelly
16%
Kelly
16%
mean
16%
more
16%
put
16%
everything
15%
Mika
15%
try?
15%
Grace
14%
green,
14%
green
14%
hey!
14%
life
14%
over?
14%
without
14%
last
11%
sad
11%
violet
11%
brown
10%
Gotta
10%
gotta
10%
help
10%
purple
10%
doesn't
9%
little
9%
looks
9%
shy
9%
tried
9%
bit
8%
gone
8%
smile?
8%
mad
7%
everybody
6%
making
6%
yourself?
6%
yourself,
6%
dirty?
5%
else
5%
Freddie
5%
Getting
5%
hurtful
5%
shelf?
5%
again.
3%
attract
3%
flirty?
3%
leaving.
3%
older
3%
repulse
3%
talked,
3%
Guess
2%
Hello,
2%
hello,
2%
Humphrey,
2%
Ka-ching!
2%
Mr.
2%
satisfy
2%
thinks
2%
wholesome
2%
angry
1%
bend
1%
brink
1%
happen
1%
loathsome
1%
promise
1%
reduced
1%
Smith,
1%
solve
1%
tears
1%
identity
0%
Putting
0%
queasy
0%
No matching quizzes found
Score Distribution
Percent of People with Each Score
Percentile by Number Answered
Your Score History
You have not taken this quiz